| 000 | 00540nam a2200181 a 4500 | ||
|---|---|---|---|
| 001 | 5112 | ||
| 003 | CO-ViMGA | ||
| 008 | 141112s2004 ck r 000 u spa d | ||
| 040 |
_aCO-ViMGA _bspa _cCO-ViMGA |
||
| 082 | 0 | 4 | _a616.96 R637e |
| 100 | 1 |
_aRodríguez de Cardona, Helia _93384 |
|
| 245 | 1 | 0 | _aEpidemología de las enfermedades parasitarias |
| 260 |
_aSantafé de Bogotá : _bFondo Nacional Universitario, _c1993 |
||
| 300 | _a104 p : il | ||
| 650 | 1 | 4 |
_aENFERMEDADES PARASITARIAS _93385 |
| 650 | 1 | 4 |
_aEPIDEMOLOGIA _93386 |
| 942 |
_2ddc _cBK |
||
| 999 |
_c17113 _d17113 |
||